Ο Μικρομέγας ; Φιλοσοφικά έργα
Saved in:
| Main Author: | |
|---|---|
| Other Authors: | |
| Format: | Book |
| Language: | Greek French |
| Published: |
Αθήναι :
Παπαδημητρίου,
[1952]
|
| Series: | 100 Αθάνατα Έργα ;
; 24 |
| Subjects: | |
| Tags: |
Add Tag
No Tags, Be the first to tag this record!
|
MARC
| LEADER | 00000cam a2200000 i 4500 | ||
|---|---|---|---|
| 001 | 1/90680 | ||
| 008 | 080708s1952 gre d | ||
| 035 | |l 10098794 | ||
| 040 | |a GR-MY-UA |b gre |e aacr | ||
| 041 | 1 | |a gre |h fre | |
| 082 | 0 | |a 848.509 |2 (22) | |
| 100 | 1 | |a Voltaire, |d 1694-1778. | |
| 245 | 1 | 2 | |a Ο Μικρομέγας ; Φιλοσοφικά έργα / |c Βολταίρου ; μετάφραση Κων. Παπαλεξάνδρου |
| 260 | |a Αθήναι : |b Παπαδημητρίου, |c [1952] | ||
| 300 | |a 202 σ.; |c 21 εκ. | ||
| 490 | 1 | |a 100 αθάνατα έργα |v ; 24 | |
| 650 | 0 | 0 | |a French literature |x Translations into Greek. |
| 650 | 0 | 0 | |a Philosophy, French |y 18th century. |
| 700 | 1 | |a Παπαλεξάνδρου, Κωνσταντίνος Θ., |d 1891-1978. |4 trl | |
| 830 | 0 | |a 100 Αθάνατα Έργα ; |v ; 24 | |
| 852 | |a INST |b RHODES |c AKA |e 20080708 |h 848.509 VOL |p 005400027775 |q 005400027775 |t BK |y 0 | ||
| 901 | |a BIBL4-2008-2 | ||
| 909 | |a Ρ |b 150749 | ||
| 970 | |a ΧΑΡΙΟΠΟΛΙΤΟΥ |b ΚΩΝΣΤΑΝΤΙΝΑ |z 2008/07/08 | ||